| 000 | 00838nam a2200253 a 4500 | ||
|---|---|---|---|
| 001 | 000016515 | ||
| 005 | 20200929164925.0 | ||
| 040 |
_aDO-SdBNP _bspa _cBNPHU |
||
| 082 |
_a862.3 _bC146a |
||
| 100 | 1 |
_aCalderón de la Barca, Pedro, _d1600-1681 _95547 |
|
| 245 | 1 | 0 |
_aAutos sacramentales / _cCalderón de la Barca; prólogo, edición y notas de Ángel Valbuena Prat. |
| 260 |
_aMadrid : _bEspasa-Calpe, _c1942. |
||
| 300 |
_av. ; _c17 cm. |
||
| 490 | 1 |
_aClásicos castellanos _v69 |
|
| 500 | _aIncluye notas al pie de las páginas | ||
| 500 | _aLa biblioteca posee el volumen 1 | ||
| 650 | 4 |
_aTeatro español _93071 |
|
| 650 | 4 |
_aLiteratura española _9632 |
|
| 650 | 4 |
_aDrama religioso español _915837 |
|
| 700 | 1 |
_aValbuena Prat, Ángel, _ced. _936751 |
|
| 830 | 0 |
_aClásicos castellanos ; _v69 _94180 |
|
| 910 | _aWM | ||
| 049 | _aBNGR | ||
| 999 |
_c16049 _d16049 |
||